00846 a2200229 4500999001500000010001400015020002600029035001300055037001400068082001000082100002200092245011900114250001200233260004500245300006200290500005000352650002700402700002200429700002300451942003000474952011200504 c4273d4273 aENG-86210 a9788120331594c575.00 aEN-69743 bDBAD/ PUB14a658.51 aKrajewski, Lee J.1 aOperations management :bprocesses and value chains /cLee J. Krajewski, Larry P. Ritzman [and] Manoj K. Malhorta. a8th ed. aNew DelhibPrentice Hall of Indiac2007. axv, 728 p.bcol. ill.c29 cm (PBK)e1 CD-ROM (4 3/4 in.). aIncludes bibliographical references and index 0aProduction management.1 aRitzman, Larry P.1 aMalhorta, Manoj K. adplcEN2ddch658.5m KRA 001040718NFICaDBADbDBADeDBAD/PUBg575.00l0o658.5 KRApEN-69743r2008-09-15 00:00:00t1v575.00yEN